Statistics for RPDR Season 9 Contestants by Track Record

Click here to take the quiz!

General Stats

  • This quiz has been taken 46 times
  • The average score is 10 of 14

Answer Stats

ScoresAnswer% Correct
3.58Sasha Velour
100%
3.5Shea Coulee
98%
3.33Valentina
83%
2.83Peppermint
78%
3.08Trinity Taylor
75%
3.4Eureka O'Hara
73%
2.43Aja
70%
2.82Alexis Michelle
70%
2.5Nina Bo'nina Brown
68%
2.13Farrah Moan
63%
2.33Cynthia Lee Fontaine
55%
1.5Jaymes Mansfield
55%
1.33Kimora Black
48%
2Charlie Hides
45%

Score Distribution

Percentile by Number Answered

Percent of People with Each Score

Your Score History

You have not taken this quiz